000 00582cam a2200205 4500500
005 20260329002649.0
041 _afre
042 _adc
100 1 0 _aNassif, Philippe
_eauthor
245 0 0 _aL’œuvre d’une vie
260 _c2013.
500 _a52
690 _aBurn out
690 _aDejours
690 _aEntreprise
690 _aReconnaissance
690 _aTravail
786 0 _nPhilosophie magazine | 68 | 4 | 2013-04-01 | p. 36-37 | 1951-1787
856 4 1 _uhttps://shs.cairn.info/magazine-philosophie-magazine-2013-4-page-36?lang=fr&redirect-ssocas=7080
999 _c1817173
_d1817173